LEADER 00947nam 2200373 450 001 990002927190203316 005 20070517154440.0 010 $a0-564-00413-8 035 $a000292719 035 $aUSA01000292719 035 $a(ALEPH)000292719USA01 035 $a000292719 100 $a20070517d1952----km-y0itay50------ba 101 $akis 102 $aKI 105 $a||||||||001yy 200 1 $aBiblia 210 $a[s.l.]$cUnited Bible Societies$d[c1952] 215 $a1. v. (varie sequenze)$d24 cm 300 $aTesto in kiswahili 410 0$12001 454 1$12001 461 1$1001-------$12001 500 11$aBibbia$955323 676 $a220 801 0$aIT$bsalbc$gISBD 912 $a990002927190203316 951 $aII.2. 4609$b184869 LM$cII.2. 959 $aBK 969 $aUMA 979 $aVITALE$b90$c20070517$lUSA01$h1537 979 $aVITALE$b90$c20070517$lUSA01$h1544 996 $aBibbia$955323 997 $aUNISA LEADER 01008nam0-2200337li-450 001 990000172810203316 005 20180312154707.0 010 $a1-850-32195-7 035 $a0017281 035 $aUSA010017281 035 $a(ALEPH)000017281USA01 035 $a0017281 100 $a20001109d1995----km-y0itay0103----ba 101 0 $aeng 102 $aGB 200 1 $a<<[The]>> Software measurement guidebook 210 $aLondon [etc.]$cInternational Thompson Computer Press$dcopyr. 1995 610 1 $asoftware$averifica 676 $a005.30287$9. 710 1$aSoftware Productivity Consortium$0746498 801 $aSistema bibliotecario di Ateneo dell' Università di Salerno$gRICA 912 $a990000172810203316 951 $a005.302 87 SOF$b0007126 959 $aBK 969 $aTEC 979 $c19960805 979 $c20001110$lUSA01$h1712 979 $c20020403$lUSA01$h1625 979 $aPATRY$b90$c20040406$lUSA01$h1612 996 $aSoftware measurement guidebook$91490088 997 $aUNISA